000 00579nam a2200205Ia 4500
001 15299
003 GE_BSU
008 181216s||||||||xx |||||||||||||| ||und||
040 _cGE_BSU
080 _a821.353.1-1
100 _aლეონიძე,გიორგი
245 _aქართველი გმირები
245 _cრედ.გ.ქიქოძე
260 _aთბილისი
260 _bსაბლიტგამი
260 _c1942
300 _a43გვ.
653 _aქართველი გმირები
942 _cBK
999 _c48407
_d48407